[Event "Titled Tuesday intern op 26th Sep Early"]
[Site "Chess.com INT"]
[Date "2023.09.26"]
[Round "7"]
[White "Bold, Andre"]
[Black "Boskovic, Drasko"]
[Result "0-1"]
[WhiteElo "2194"]
[BlackElo "2424"]
[PlyCount "80"]
[EventDate "2023.09.26"]
[EventType "swiss (blitz)"]
[EventRounds "11"]
[EventCountry "USA"]
[SourceTitle "EXT 2024"]
[Source "ChessBase"]
[SourceDate "2023.10.10"]
[SourceVersion "1"]
[SourceVersionDate "2023.10.10"]
[SourceQuality "1"]

1. Nf3 Nf6 2. e3 g6 3. b3 Bg7 4. Bb2 0-0 5. Be2 d5 6. 0-0 c5 7. d3 Nc6 8. Nbd2 Re8 9. Ne5 Qc7 10. Nxc6 Qxc6 11. Nf3 Nd7 12. Bxg7 Kxg7 13. d4 b6 14. c3 Bb7 15. Rc1 e5 16. dxe5 Nxe5 17. Nxe5 Rxe5 18. Bf3 Qc7 19. c4 Rd8 20. cxd5 Bxd5 21. Bxd5 Rexd5 22. Qf3 Rd2 23. a3 R8d3 24. b4 c4 25. a4 c3 26. h4 h5 27. Rfd1 c2 28. Rxd2 Rxd2 29. g3 Qc3 30. Kg2 Qxb4 31. Qc6 Qb2 32. Qc7 Qxc1 33. Qe5+ Kh7 34. Qe7 Rxf2+ 35. Kxf2 Qd2+ 36. Kf3 Qd5+ 37. e4 Qd3+ 38. Kf4 Qd2+ 39. Ke5 Qc3+ 40. Kd5 Qc5+ 0-1

[Event "Titled Tuesday intern op 26th Sep Early"]
[Site "Chess.com INT"]
[Date "2023.09.26"]
[Round "2"]
[White "Korol, Dimitry"]
[Black "Boskovic, Drasko"]
[Result "1/2-1/2"]
[WhiteElo "2287"]
[BlackElo "2424"]
[PlyCount "61"]
[EventDate "2023.09.26"]
[EventType "swiss (blitz)"]
[EventRounds "11"]
[EventCountry "USA"]
[SourceTitle "EXT 2024"]
[Source "ChessBase"]
[SourceDate "2023.10.10"]
[SourceVersion "1"]
[SourceVersionDate "2023.10.10"]
[SourceQuality "1"]

1. d4 Nf6 2. c4 g6 3. Nc3 d5 4. cxd5 Nxd5 5. e4 Nxc3 6. bxc3 Bg7 7. Nf3 c5 8. Rb1 0-0 9. Be2 b6 10. 0-0 Bb7 11. Qd3 Nd7 12. Qe3 e6 13. Ba3 Qc7 14. Rbc1 Rfd8 15. Rfd1 Nf6 16. Bd3 Rac8 17. h3 Qb8 18. Ne5 Qa8 19. f3 cxd4 20. cxd4 Nd7 21. Nc4 Ba6 22. Nd6 Rxc1 23. Rxc1 Bxd3 24. Qxd3 Qb8 25. e5 Bf8 26. Qc4 Qa8 27. Qc6 Qb8 28. Qc7 Qa8 29. Qc6 Qb8 30. Qc7 Qa8 31. Qc6 1/2-1/2

[Event "Titled Tuesday intern op 26th Sep Early"]
[Site "Chess.com INT"]
[Date "2023.09.26"]
[Round "6"]
[White "Kostiukov, Alexandr"]
[Black "Boskovic, Drasko"]
[Result "0-1"]
[WhiteElo "2271"]
[BlackElo "2424"]
[PlyCount "66"]
[EventDate "2023.09.26"]
[EventType "swiss (blitz)"]
[EventRounds "11"]
[EventCountry "USA"]
[SourceTitle "EXT 2024"]
[Source "ChessBase"]
[SourceDate "2023.10.10"]
[SourceVersion "1"]
[SourceVersionDate "2023.10.10"]
[SourceQuality "1"]

1. g3 g6 2. Bg2 Bg7 3. Nf3 c6 4. c4 d5 5. cxd5 cxd5 6. d4 Nf6 7. 0-0 0-0 8. Nc3 Nc6 9. Ne5 Bd7 10. Bf4 e6 11. Rc1 Rc8 12. Nxc6 Bxc6 13. Qb3 Ne8 14. Rfd1 Nd6 15. g4 Qd7 16. e3 Rfd8 17. Qa3 Nc4 18. Qb3 b5 19. a3 a5 20. h3 Bf8 21. Bg5 Re8 22. Bf6 b4 23. axb4 axb4 24. Ne2 Ba4 25. Qa2 Bxd1 26. Rxd1 Ra8 27. Qb1 b3 28. Nc3 Bb4 29. Ne2 Ra2 30. Qd3 Rxb2 31. Rc1 Rxe2 32. Qxb3 Rb2 33. Qd3 Be7 0-1

[Event "Belgrade Gligoric 100 Ann op"]
[Site "Belgrade"]
[Date "2023.02.05"]
[Round "1"]
[White "Boskovic, Drasko"]
[Black "Kostic, V Vladimir"]
[Result "1-0"]
[WhiteElo "2424"]
[BlackElo "2079"]
[PlyCount "133"]
[EventDate "2023.02.05"]
[EventType "swiss (blitz)"]
[EventRounds "11"]
[EventCountry "SRB"]
[SourceTitle "EXT 2024"]
[Source "ChessBase"]
[SourceDate "2023.10.10"]
[SourceVersion "1"]
[SourceVersionDate "2023.10.10"]
[SourceQuality "1"]

1. e4 c5 2. Nf3 Nc6 3. Bb5 g6 4. 0-0 Bg7 5. Re1 Nf6 6. e5 Nd5 7. Nc3 Nc7 8. Bxc6 dxc6 9. d3 h6 10. Ne4 Ne6 11. b3 0-0 12. Bb2 b6 13. a4 Nd4 14. Bxd4 cxd4 15. h3 c5 16. Qd2 Be6 17. Qf4 Qd7 18. Re2 Rae8 19. Rae1 Bd5 20. h4 Qf5 21. Qxf5 gxf5 22. Ng3 Bxf3 23. gxf3 e6 24. Nh5 Kh7 25. Kh2 Rg8 26. f4 Bh8 27. Rg1 Rxg1 28. Kxg1 Rg8+ 29. Kh2 Rg4 30. Kh3 Kg6 31. f3 Rg1 32. Ng3 h5 33. Rg2 Re1 34. Ne4+ Kh6 35. Nd6 f6 36. Nf7+ Kh7 37. Nxh8 Kxh8 38. exf6 Rh1+ 39. Kg3 Kg8 40. Kf2+ Kf7 41. Rg7+ Kxf6 42. Rxa7 Rh2+ 43. Ke1 Rxc2 44. Rb7 Rc3 45. Rxb6 Rxd3 46. a5 Rxf3 47. a6 Rh3 48. a7 Rh1+ 49. Kd2 Ra1 50. Rb7 e5 51. Rb6+ Ke7 52. fxe5 Rxa7 53. Kd3 Ra1 54. Kc4 Rc1+ 55. Kd5 d3 56. Rb7+ Kf8 57. Rb8+ Kg7 58. Rb7+ Kg6 59. Rb6+ Kg7 60. Rb7+ Kf8 61. Rb8+ Ke7 62. Rb7+ Kd8 63. Kd6 Kc8 64. Rc7+ Kb8 65. Kc6 d2 66. Rb7+ Ka8 67. Rd7 1-0

[Event "Belgrade Gligoric 100 Ann op"]
[Site "Belgrade"]
[Date "2023.02.05"]
[Round "2"]
[White "Milosevic, Milos"]
[Black "Boskovic, Drasko"]
[Result "1-0"]
[WhiteElo "2346"]
[BlackElo "2424"]
[PlyCount "53"]
[EventDate "2023.02.05"]
[EventType "swiss (blitz)"]
[EventRounds "11"]
[EventCountry "SRB"]
[SourceTitle "EXT 2024"]
[Source "ChessBase"]
[SourceDate "2023.10.10"]
[SourceVersion "1"]
[SourceVersionDate "2023.10.10"]
[SourceQuality "1"]

1. e4 c5 2. Nc3 e6 3. Nge2 a6 4. g3 d6 5. Bg2 Nc6 6. 0-0 Nf6 7. h3 Be7 8. g4 Nd4 9. Ng3 Qc7 10. d3 h6 11. Be3 Bd7 12. Nce2 e5 13. c3 Nxe2+ 14. Qxe2 Be6 15. Nf5 Bxf5 16. exf5 d5 17. h4 d4 18. cxd4 cxd4 19. Rac1 Qd7 20. Bd2 0-0 21. g5 Nd5 22. Qxe5 Bb4 23. gxh6 gxh6 24. Bxh6 f6 25. Qxd5+ Qxd5 26. Bxd5+ Kh7 27. Bxf8 1-0

[Event "Belgrade Gligoric 100 Ann op"]
[Site "Belgrade"]
[Date "2023.02.05"]
[Round "8"]
[White "Pavlovic, Milos"]
[Black "Boskovic, Drasko"]
[Result "1-0"]
[WhiteElo "2418"]
[BlackElo "2424"]
[PlyCount "83"]
[EventDate "2023.02.05"]
[EventType "swiss (blitz)"]
[EventRounds "11"]
[EventCountry "SRB"]
[SourceTitle "EXT 2024"]
[Source "ChessBase"]
[SourceDate "2023.10.10"]
[SourceVersion "1"]
[SourceVersionDate "2023.10.10"]
[SourceQuality "1"]

1. d4 Nf6 2. Nf3 g6 3. g3 Bg7 4. Bg2 0-0 5. 0-0 d5 6. Bf4 c6 7. Nbd2 Nh5 8. Be5 Nf6 9. c4 Nbd7 10. Bf4 Nh5 11. Be3 b6 12. cxd5 cxd5 13. Qb3 Bb7 14. Rac1 Rc8 15. Nb1 e6 16. Nc3 Ba6 17. Nb5 Bxb5 18. Qxb5 Qe7 19. Bd2 Rfd8 20. Bb4 Qe8 21. Qa6 Nb8 22. Qxa7 Qb5 23. Rxc8 Rxc8 24. Qb7 Re8 25. Bd6 Nc6 26. e3 Na5 27. Qc7 Qxb2 28. Ng5 Qb5 29. Qxf7+ Kh8 30. Nxe6 Nc4 31. Bf4 Rg8 32. Nc7 Qa5 33. Nxd5 Nd2 34. Rd1 Nxf4 35. Nxf4 Qc3 36. Bd5 Rf8 37. Qd7 Qc2 38. Re1 Qc3 39. Kg2 Nc4 40. Re2 Na5 41. Ne6 Qc8 42. Qxg7# 1-0

[Event "Titled Tuesday intern op 25th Oct Late"]
[Site "Chess.com INT"]
[Date "2022.10.25"]
[Round "2"]
[White "Sanchez, Roberto Daniel"]
[Black "Boskovic, Drasko"]
[Result "0-1"]
[WhiteElo "1971"]
[BlackElo "2415"]
[PlyCount "46"]
[EventDate "2022.10.25"]
[EventType "swiss (blitz)"]
[EventRounds "11"]
[EventCountry "USA"]
[SourceTitle "EXT 2024"]
[Source "ChessBase"]
[SourceDate "2023.10.10"]
[SourceVersion "1"]
[SourceVersionDate "2023.10.10"]
[SourceQuality "1"]

1. e4 c5 2. Nf3 Nc6 3. d4 cxd4 4. Nxd4 Nf6 5. Nc3 e6 6. Ndb5 Bc5 7. Nd6+ Ke7 8. Nc4 d5 9. exd5 exd5 10. Na3 d4 11. Ne2 Bg4 12. h3 Bh5 13. Bg5 Re8 14. Bxf6+ Kxf6 15. Qd3 Bg6 16. Qf3+ Ke7 17. 0-0-0 Qa5 18. Nf4 Bxa3 19. bxa3 Kf8 20. Nxg6+ hxg6 21. Qb3 Rac8 22. Bc4 Ne5 23. Rxd4 Qc5 0-1

[Event "SRB-chT Premier"]
[Site "Vrnjacka Banja"]
[Date "2022.09.22"]
[Round "3.3"]
[White "Boskovic, Drasko"]
[Black "Solak, Dragan"]
[Result "1/2-1/2"]
[WhiteElo "2415"]
[BlackElo "2592"]
[PlyCount "120"]
[EventDate "2022.09.20"]
[EventType "team-tourn"]
[EventRounds "11"]
[EventCountry "SRB"]
[SourceTitle "CBM 210 Extra"]
[Source "ChessBase"]
[SourceDate "2022.11.30"]
[SourceVersion "1"]
[SourceVersionDate "2022.11.30"]
[SourceQuality "1"]
[WhiteTeam "Subotica Spartak"]
[BlackTeam "Novi Sad SK"]
[WhiteTeamCountry "SRB"]
[BlackTeamCountry "SRB"]

1. d4 d5 2. Nf3 c6 3. Bf4 Bg4 4. e3 e6 5. c4 Bd6 6. Bxd6 Qxd6 7. Qb3 Qc7 8. Ne5 Nf6 9. Bd3 Nbd7 10. Nxg4 Nxg4 11. Nc3 Ngf6 12. cxd5 exd5 13. Rc1 Nb6 14. g4 Qe7 15. g5 Nfd7 16. h4 h6 17. Kd2 hxg5 18. hxg5 Rxh1 19. Rxh1 Qxg5 20. Rh8+ Nf8 21. Na4 Qe7 22. Nc5 0-0-0 23. Qa3 Ne6 24. Nxe6 Qxe6 25. Rxd8+ Kxd8 26. Qf8+ Kc7 27. Qxg7 Nc8 28. f4 Nd6 29. Qe5 Kd7 30. b3 Qe7 31. Kc3 f6 32. Qxe7+ Kxe7 33. a4 b6 34. b4 a5 35. bxa5 bxa5 36. Ba6 Kd7 37. Bd3 Kc7 38. Kd2 Kb6 39. Ke2 c5 40. Kf3 c4 41. Bc2 f5 42. Ke2 Kc7 43. Kd2 Kd7 44. Bd1 Ne4+ 45. Kc2 Ke6 46. Bf3 Nf2 47. Bg2 Ng4 48. Kd2 Nf6 49. Bf3 Kd6 50. Kc3 Nd7 51. Bd1 Ke7 52. Bc2 Kf6 53. Bd1 Nb6 54. Bc2 Nc8 55. Bd1 Nd6 56. Bf3 Ke6 57. Kc2 Ne8 58. Kd2 Nf6 59. Bg2 Ng4 60. Bf3 Nf2 1/2-1/2

[Event "FRM-chT2 Final"]
[Site "Ohrid"]
[Date "2022.07.24"]
[Round "1.1"]
[White "Veljanoski, Andrej"]
[Black "Boskovic, Drasko"]
[Result "1/2-1/2"]
[WhiteElo "2162"]
[BlackElo "2436"]
[PlyCount "41"]
[EventDate "2022.07.24"]
[EventType "team-tourn"]
[EventRounds "3"]
[EventCountry "MKD"]
[SourceTitle "EXT 2023"]
[Source "ChessBase"]
[SourceDate "2022.10.05"]
[SourceVersion "1"]
[SourceVersionDate "2022.10.05"]
[SourceQuality "1"]
[WhiteTeam "MSK Centar"]
[BlackTeam "Pelagon"]
[WhiteTeamCountry "MKD"]
[BlackTeamCountry "MKD"]

1. e4 c5 2. Nf3 e6 3. d4 cxd4 4. Nxd4 a6 5. c4 Nf6 6. Nc3 Bb4 7. Qd3 d5 8. exd5 exd5 9. Be2 0-0 10. 0-0 Nc6 11. Nxc6 bxc6 12. cxd5 Nxd5 13. Nxd5 Qxd5 14. Qg3 Bd6 15. Bf4 Bxf4 16. Qxf4 Qf5 17. Qa4 Be6 18. Bf3 Bd5 19. Bxd5 cxd5 20. Qd4 Rac8 21. Rac1 1/2-1/2

[Event "Titled Tuesday intern op 04th Jan"]
[Site "Chess.com INT"]
[Date "2022.01.04"]
[Round "2"]
[White "Gonzalez, Francisco Silva"]
[Black "Boskovic, Drasko"]
[Result "1-0"]
[WhiteElo "2049"]
[BlackElo "2436"]
[PlyCount "53"]
[EventDate "2022.01.04"]
[EventType "swiss (blitz)"]
[EventRounds "11"]
[EventCountry "USA"]
[SourceTitle "EXT 2023"]
[Source "ChessBase"]
[SourceDate "2022.10.05"]
[SourceVersion "1"]
[SourceVersionDate "2022.10.05"]
[SourceQuality "1"]

1. d4 Nf6 2. c4 g6 3. Nc3 d5 4. Bf4 Bg7 5. Nf3 0-0 6. e3 c5 7. dxc5 Na6 8. cxd5 Nxc5 9. Bc4 Qb6 10. 0-0 Qxb2 11. Nb5 Nfe4 12. Rb1 Qf6 13. Be5 Qa6 14. Bxg7 Kxg7 15. Qd4+ Qf6 16. Ne5 Bf5 17. f3 Nd2 18. Qxc5 Nxb1 19. Qd4 Rac8 20. Nxa7 Ra8 21. g4 Rxa7 22. gxf5 gxf5 23. Rxb1 Ra4 24. f4 Rc8 25. Kh1 Rcxc4 26. Rg1+ Kh6 27. Qd2 1-0

[Event "Titled Tuesday intern op 07th Dec"]
[Site "Chess.com INT"]
[Date "2021.12.07"]
[Round "2"]
[White "Pershina, Elena"]
[Black "Boskovic, Drasko"]
[Result "1-0"]
[WhiteElo "2114"]
[BlackElo "2436"]
[PlyCount "33"]
[EventDate "2021.12.07"]
[EventType "swiss (blitz)"]
[EventRounds "11"]
[EventCountry "USA"]
[SourceTitle "CBM 205 Extra"]
[Source "ChessBase"]
[SourceDate "2022.01.31"]
[SourceVersion "1"]
[SourceVersionDate "2022.01.31"]
[SourceQuality "1"]

1. e4 c5 2. c3 d5 3. exd5 Qxd5 4. d4 Nf6 5. Nf3 e6 6. Be3 cxd4 7. cxd4 Nc6 8. a3 Be7 9. Nc3 Qd6 10. Be2 0-0 11. 0-0 b6 12. Qd2 Bb7 13. Bf4 Qd7 14. Rfd1 Rfd8 15. Bb5 a6 16. Bxc6 Qc8 17. Bxb7 1-0

[Event "Novi Sad TS Mix 224th"]
[Site "Novi Sad"]
[Date "2021.11.16"]
[Round "1"]
[White "Boskovic, Drasko"]
[Black "Panesar, Vedant"]
[Result "0-1"]
[WhiteElo "2450"]
[BlackElo "2291"]
[PlyCount "68"]
[EventDate "2021.11.16"]
[EventType "swiss"]
[EventRounds "9"]
[EventCountry "SRB"]
[SourceTitle "CBM 205 Extra"]
[Source "ChessBase"]
[SourceDate "2022.01.31"]
[SourceVersion "1"]
[SourceVersionDate "2022.01.31"]
[SourceQuality "1"]

1. d4 d5 2. Nf3 Nf6 3. Bf4 c5 4. e3 Nc6 5. Nbd2 cxd4 6. exd4 a6 7. c3 Bf5 8. Nh4 Bg4 9. Qb3 Qc8 10. Bd3 e6 11. h3 Bh5 12. g4 Bg6 13. Nxg6 hxg6 14. Qd1 Qd7 15. Qe2 Bd6 16. Be5 Qc7 17. f4 g5 18. fxg5 Bxe5 19. dxe5 Nd7 20. g6 0-0 21. 0-0-0 Ndxe5 22. gxf7+ Rxf7 23. Kb1 Raf8 24. Bc2 Rf2 25. Qe3 Qf7 26. Nb3 Nc4 27. Qd3 g5 28. Rde1 N6e5 29. Qd1 Qf4 30. Nd4 Rf6 31. Re2 Kf7 32. Rhe1 Qg3 33. b3 Qxc3 34. bxc4 Nxc4 0-1

[Event "EU-Cup 36th"]
[Site "Struga"]
[Date "2021.09.19"]
[Round "2.8"]
[White "Haldorsen, Benjamin"]
[Black "Boskovic, Drasko"]
[Result "0-1"]
[WhiteElo "2465"]
[BlackElo "2457"]
[PlyCount "102"]
[EventDate "2021.09.18"]
[EventType "team-swiss"]
[EventRounds "7"]
[EventCountry "MKD"]
[SourceTitle "CBM 204 Extra"]
[Source "ChessBase"]
[SourceDate "2021.11.30"]
[SourceVersion "1"]
[SourceVersionDate "2021.11.30"]
[SourceQuality "1"]
[WhiteTeam "Offerspill"]
[BlackTeam "Prilep"]
[WhiteTeamCountry "NOR"]
[BlackTeamCountry "MKD"]

1. e4 c5 2. Nf3 e6 3. d4 cxd4 4. Nxd4 Nf6 5. Nc3 Nc6 6. Nxc6 bxc6 7. e5 Nd5 8. Ne4 Bb7 9. Bd3 Qc7 10. f4 Qb6 11. a3 Be7 12. c4 f5 13. Nf2 Nc7 14. 0-0 c5 15. Qe2 0-0 16. Be3 Qc6 17. Nh3 d5 18. Rac1 a5 19. Ng5 d4 20. Bd2 a4 21. Rb1 Rab8 22. Nf3 Na8 23. Rfc1 Ba6 24. Ba5 Nb6 25. Qd1 Rb7 26. Nd2 g5 27. Bc2 Nxc4 28. Bxa4 Qd5 29. Nxc4 Bxc4 30. b3 Ba6 31. Bd2 gxf4 32. Bxf4 Bd8 33. Qf3 Qxf3 34. gxf3 Rg7+ 35. Kf2 Bh4+ 36. Bg3 Bg5 37. f4 Be7 38. b4 h5 39. bxc5 h4 40. Rb6 hxg3+ 41. hxg3 Bc8 42. Bb3 Kf7 43. c6 Rfg8 44. Rh1 Bc5 45. Rb5 Rxg3 46. Rh7+ Kg6 47. Rc7 Rc3 48. Rb8 d3+ 49. Kf3 d2+ 50. Ke2 Ba6+ 51. Kxd2 Rd3+ 0-1

[Event "SRB-chT Premier"]
[Site "Vrnjacka Banja"]
[Date "2021.09.11"]
[Round "6.2"]
[White "Nenezic, Marko"]
[Black "Boskovic, Drasko"]
[Result "1-0"]
[WhiteElo "2531"]
[BlackElo "2457"]
[PlyCount "117"]
[EventDate "2021.09.07"]
[EventType "team-tourn"]
[EventRounds "11"]
[EventCountry "SRB"]
[SourceTitle "CBM 204 Extra"]
[Source "ChessBase"]
[SourceDate "2021.11.30"]
[SourceVersion "1"]
[SourceVersionDate "2021.11.30"]
[SourceQuality "1"]
[WhiteTeam "Goracici Jelica"]
[BlackTeam "Subotica Spartak"]
[WhiteTeamCountry "SRB"]
[BlackTeamCountry "SRB"]

1. Nf3 Nf6 2. c4 g6 3. Nc3 Bg7 4. e4 e5 5. Nxe5 0-0 6. Nf3 Re8 7. Bd3 Nxe4 8. Bxe4 Bxc3 9. dxc3 Rxe4+ 10. Be3 Nc6 11. 0-0 d6 12. Qd2 Bf5 13. b3 Qd7 14. Nd4 Rae8 15. Ne2 f6 16. Nf4 Qf7 17. Nd5 R4e6 18. f3 g5 19. g4 Bg6 20. f4 gxf4 21. Bd4 Nxd4 22. Qxd4 Be4 23. Nxf4 Re5 24. h3 h5 25. gxh5 Rxh5 26. Kh2 Rg5 27. Rae1 Bc6 28. Rxe8+ Qxe8 29. h4 Re5 30. Rg1+ Kf7 31. Qd3 Qh8 32. Ng6 Qh6 33. Nxe5+ dxe5 34. Kh3 Ke7 35. Rd1 Kf7 36. c5 Qh5 37. Qc4+ Ke7 38. Qd3 Kf7 39. Qc4+ Ke7 40. Qg4 Qh6 41. h5 Be8 42. Kh4 Qe3 43. Qg7+ Ke6 44. h6 f5 45. Qg8+ Bf7 46. Qc8+ Kf6 47. Qh8+ Ke6 48. Qc8+ Kf6 49. Qd8+ Kg6 50. Qd2 Qe4+ 51. Kh3 Qg4+ 52. Kh2 Qh4+ 53. Kg1 f4 54. Qh2 Qe7 55. h7 Qg5+ 56. Kf1 Qg4 57. Rd3 e4 58. h8Q exd3 59. Q2h7+ 1-0

[Event "SRB-chT Premier"]
[Site "Vrnjacka Banja"]
[Date "2021.09.11"]
[Round "5.6"]
[White "Stojanovic, Mihajlo"]
[Black "Boskovic, Drasko"]
[Result "1-0"]
[WhiteElo "2500"]
[BlackElo "2457"]
[PlyCount "69"]
[EventDate "2021.09.07"]
[EventType "team-tourn"]
[EventRounds "11"]
[EventCountry "SRB"]
[SourceTitle "CBM 204 Extra"]
[Source "ChessBase"]
[SourceDate "2021.11.30"]
[SourceVersion "1"]
[SourceVersionDate "2021.11.30"]
[SourceQuality "1"]
[WhiteTeam "Elemir Naftagas"]
[BlackTeam "Subotica Spartak"]
[WhiteTeamCountry "SRB"]
[BlackTeamCountry "SRB"]

1. Nf3 Nf6 2. c4 g6 3. Nc3 Bg7 4. e4 e5 5. Nxe5 0-0 6. d3 Nxe4 7. dxe4 Bxe5 8. Bd2 d6 9. Bd3 Qh4 10. g3 Qh3 11. Bf1 Qe6 12. Bd3 Qh3 13. Bf1 Qe6 14. Bd3 Nd7 15. 0-0 Nc5 16. Bh6 Rd8 17. Qd2 Qh3 18. Be3 f5 19. Bc2 Bxc3 20. bxc3 Be6 21. exf5 Bxf5 22. Rfe1 Bd7 23. Bxc5 Bc6 24. Be4 dxc5 25. Qg5 Bxe4 26. Rxe4 Rd7 27. Qxc5 Rad8 28. Qxa7 h6 29. Rae1 Qf5 30. Qxb7 Rd2 31. Rf4 Qc5 32. Qe4 R8d7 33. h4 Kg7 34. Qe8 h5 35. Re6 1-0

[Event "SRB-chT Premier"]
[Site "Vrnjacka Banja"]
[Date "2021.09.09"]
[Round "3.6"]
[White "Boskovic, Drasko"]
[Black "Drazic, Sinisa"]
[Result "1-0"]
[WhiteElo "2457"]
[BlackElo "2346"]
[PlyCount "125"]
[EventDate "2021.09.07"]
[EventType "team-tourn"]
[EventRounds "11"]
[EventCountry "SRB"]
[SourceTitle "CBM 204 Extra"]
[Source "ChessBase"]
[SourceDate "2021.11.30"]
[SourceVersion "1"]
[SourceVersionDate "2021.11.30"]
[SourceQuality "1"]
[WhiteTeam "Subotica Spartak"]
[BlackTeam "Kac Jugovic"]
[WhiteTeamCountry "SRB"]
[BlackTeamCountry "SRB"]

1. e4 e6 2. d3 b6 3. Nf3 Bb7 4. Nbd2 c5 5. g3 Be7 6. Bg2 d6 7. 0-0 Nf6 8. Re1 Nc6 9. c3 0-0 10. a3 Rc8 11. b4 Ne5 12. Nxe5 dxe5 13. Nc4 Qc7 14. b5 Ne8 15. a4 Rd8 16. a5 Nd6 17. Qb3 Nxc4 18. Qxc4 bxa5 19. Be3 Rd7 20. Ra4 Rc8 21. Bf1 Qb6 22. Rea1 Bd8 23. Qb3 Qd6 24. Rb1 Bb6 25. Rc4 h6 26. h4 Kh8 27. g4 f5 28. f3 Rf8 29. Be2 Rdf7 30. Kg2 Qd8 31. Rh1 fxg4 32. fxg4 Bd5 33. Kg3 Qd6 34. g5 Kg8 35. Kg2 Qd8 36. Bh5 g6 37. Bxg6 Rg7 38. h5 Rxg6 39. hxg6 hxg5 40. Qd1 Kg7 41. Qh5 Rh8 42. Qxh8+ Qxh8 43. Rxh8 Bxc4 44. Rc8 Bxd3 45. Bxc5 Bxe4+ 46. Kg3 Bb7 47. Rb8 Bxc5 48. Rxb7+ Kxg6 49. Rc7 Bg1 50. c4 a4 51. c5 a3 52. Rxa7 Bxc5 53. Ra6 a2 54. Rxa2 Kf6 55. Ra6 e4 56. b6 e3 57. Kf3 g4+ 58. Ke2 g3 59. b7 g2 60. Ra1 Bd6 61. Rg1 Ke7 62. Rxg2 Kd7 63. Rg8 1-0